zpět

Detail výsledku týmu

Chicago Bar & Grill ÚT, Liberec

Datum a čas kvízu

31.5 Celkem bodů Celkový počet nahraných bodů na tomto kvízu bez doplňovacích otázek.
7. Pořadí na kvízu Konečné umístění týmu na tomto kvízu.

Zaznamenané odpovědi

# Otázka Odpověď Body Výsledky
1. Česká armáda se minulý týden r... Jak-40 0
2. Jedním z bodů programu předsed... Já jsem Tchajwanec. 1
3. Hlavní cenu Magnesia Litera –... Jan Žižka 1
4. Firma O.L.G.A. dostala od Česk... Vratislav Mynář 1
5. Tenistka Karolína Muchová pora... Venus Williamsová 0
6. Když se Roald Amundsen dozvědě... Robert Scott 0
7. Jedním z nejvýznamnějších obje... James Clark Ross 0
8. Britský horolezec George Mallo... Nanga Parbat 0
9. Roku 1938 byla poprvé pokořena... Heinrich Harrer, Sedm let v Tibetu 0
10. Podmořští výzkumníci Jacques P... batyskaf 0